Prophet Names in Arabic - Statistics

General Stats
  • This quiz has been taken 173 times
  • The average score is 13 of 22
Answer Stats
Arabic Name English Name % Correct
Adam ادم Adam
99%
Ibrahim إبراهيم Abraham
89%
Nuh نوح Noah
87%
Yusuf يوسف Joseph
84%
Yaqub يعقوب Jacob
83%
Musa موسى Moses
82%
Isa عيسى Jesus
81%
Dawood داود David
80%
Ishaq إسحاق Isaac
69%
Sulaiman سليمان Solomon
69%
Harūn هارون Aaron
64%
Lut لوط Lot
59%
Ismaeel إسماعيل Ishmael
55%
Yahya يحيى John the Baptist
49%
Yunus يونس Jonah
46%
Zakariya زكريا Zachariah
37%
Ilyas إلياس Elijah
33%
Ayub أيوب Job
32%
Idris إدريس Enoch
22%
Shoaib شعيب Jethro
12%
Dhul-Kifl ذو الكفل Ezekiel
11%
Al-Yasa اليسع Elisha
10%
No matching quizzes found
Score Distribution
Percent of People with Each Score
Percentile by Number Answered
Your Score History
You have not taken this quiz